Football Teams Nicolas Anelka Played For - Statistics

General Stats
  • This quiz has been taken 80 times
  • The average score is 10 of 14
Answer Stats
League Years Team % Correct
France 1996-1997 Paris Saint-Germain
96%
France 2000-2002 Paris Saint-Germain
96%
Spain 1999-2000 Real Madrid
94%
England 2008-2012 Chelsea FC
93%
England 1997-1999 Arsenal FC
91%
England 2002 Liverpool FC
87%
Italy 2013 Juventus FC
81%
England 2002-2005 Manchester City
81%
Turkey 2005-2006 Fenerbahçe SK
65%
England 2006-2008 Bolton Wanderers
54%
England 2013-2014 West Bromwich Albion
49%
China 2012-2013 Shanghai Shenhua
43%
India 2014-2015 Mumbai City FC
33%
India 2015-2016 Mumbai City FC
33%
No matching quizzes found
Score Distribution
Percent of People with Each Score
Percentile by Number Answered
Your Score History
You have not taken this quiz